000 00965nam a2200217 a 4500
001 000015944
005 20200929164218.0
008 100222s1997 dr 001 0 spa d
040 _aDO-SdBNP
_bspa
_cBNPHU
082 _a338.48
_bS471m
111 2 _aSeminario "Desarrollo industrial en la República Dominicana : en ruta al tercer milenio"
_d(1997 : febr. 6
_cSanto Domingo, República Dominicana)
_935831
245 1 0 _aMemorias del seminario /
_ceditor William Gutiérrez.
260 _aSanto Domingo :
_bBanco Central de la República Dominicana,
_c1997.
300 _a245 p. ;
_c23 cm.
590 _aInventariado,2018/DG
650 4 _aIndustrias
_zRepública Dominicana
_xCongresos, conferencias, etc.
_935832
650 4 _aIndustria y estado
_zRepública Dominicana
_xCongresos, conferencias, etc.
_935833
650 4 _aPolítica industrial
_zRepública Dominicana
_99415
700 1 _aGutierrez, William,
_eed.
_935834
910 _aValidado. Control de calidad EMS.
999 _c15486
_d15486